000 00995nam a2200289 a 4500
001 66885
003 BD-RjUL
005 20211209081605.0
008 080124r20122008enka b 001 0 eng
020 _a9780199560875
035 _a(BD-RjUL)67016
040 _aDNLM/DLC
_cDLC
_dDLC
_dBD-RjUL
_beng
041 _aeng
082 0 0 _223
_a631.5233
_bSAP 2008
100 1 _aSlater, Adrian.
_9198044
245 1 0 _aPlant biotechnology :
_bthe genetic manipulation of plants /
_cAdrian Slater, Nigel W. Scott, Mark R. Fowler.
250 _a2nd ed.
260 _aOxford ;
_aNew York :
_bOxford University Press,
_c2008 [reprint 2012]
300 _axxiii, 376 p. :
_bill. ;
_c25 cm.
504 _aIncludes bibliographical references and index.
650 0 _aGenetic engineering.
_9198045
650 1 2 _aPlants, Genetically Modified
_xgenetics.
_9198046
650 2 2 _aCrops, Agricultural
_xgenetics.
_9198047
700 1 _aScott, Nigel W.
_9198048
700 1 _aFowler, Mark R.
_9198049
942 _2ddc
_cBK
999 _c66885
_d66885